Sports Quiz

Random Sports or MLB Quiz

200 HRs in 1 Ballpark Quiz Stats

Quiz Updated Apr 16, 2016

Challenge
Share
Tweet
Embed
Score 0/26 Timer 04:00
4 Plays Today
Ballpark Player % Correct
Yankee StadiumBabe Ruth
95.8%
Wrigley FieldSammy Sosa
88.4%
Yankee StadiumMickey Mantle
82.8%
Fenway ParkTed Williams
82.7%
Candlestick ParkWillie Mays
82%
Wrigley FieldBilly Williams
81.9%
Fenway ParkDavid Ortiz
80.9%
Turner FieldChipper Jones
76.8%
Wrigley FieldErnie Banks
75.7%
Comiskey ParkFrank Thomas
73.6%
Yankee StadiumLou Gehrig
72.9%
Coors FieldTodd Helton
70.8%
Veterans StadiumMike Schmidt
67.2%
Ballpark Player % Correct
Fenway ParkCarl Yastrzemski
61.5%
Candlestick ParkWillie McCovey
60.5%
Polo GroundsMel Ott
54.1%
Tiger StadiumAl Kaline
54%
Metropolitan StadiumHarmon Killebrew
53.7%
U.S. Cellular FieldPaul Konerko
48.3%
Fenway ParkJim Rice
48.2%
Atlanta-Fulton County StadiumDale Murphy
42.9%
Yankee StadiumYogi Berra
41.3%
Sportsman's ParkStan Musial
37.2%
Milwaukee County StadiumEddie Mathews
37.2%
Wrigley FieldRon Santo
35.9%
Tiger StadiumNorm Cash
19%

You're not logged in!

Compare scores with friends on all Sporcle quizzes.
Join for Free
OR
Log In

You Might Also Like...

Show Comments

Extras

Top Quizzes Today


Score Distribution

Your Account Isn't Verified!

In order to create a playlist on Sporcle, you need to verify the email address you used during registration. Go to your Sporcle Settings to finish the process.

Report this User

Report this user for behavior that violates our Community Guidelines.

Details: